Najsvätejšej Trojice

Bibliographic Details
Main Author: Markovič, Branislav (Author)
Format: Article
Language:Slovak
ISSN:0139-861X
Subjects:

MARC

LEADER 00000nab a2200000 a 4500
001 vtls008427133
003 SK-MaSNL
005 20260303065947.0
008 140328c2005 xo mr|p|||||||000 b|slo
015 |a SNBRB2006/01  |2 snkbucl 
038 |a SNKBUCL 
040 |a SNKBUCL  |b slo  |c SNKBUCL  |e AACR2 
041 0 |a slo 
044 |a xo  |c SK 
080 |a 231.01:252  |2 1997 
100 1 |a Markovič, Branislav  |4 aut  |9 611191 
245 1 0 |a Najsvätejšej Trojice  |c Branislav Markovič 
650 0 7 |a Trojica  |x homílie  |2 snkbucl  |9 247391 
773 0 |t Duchovný pastier  |g Roč. 86, č. 4 (2005), s. 261-263  |x 0139-861X 
852 |a SNK  |b KIS3GCP 
958 |a NT 
999 |c 1753432  |d 1755362